书目信息 |
| 题名: |
伟大作曲家的生活
|
|
| 作者: | 勋伯格 著 ;冷杉 , 侯珅 , 王迎 译 | |
| 分册: | ||
| 出版信息: | 北京 三联书店 2007 |
|
| 页数: | 684页 | |
| 开本: | 23cm | |
| 丛书名: | 音乐生活丛书 | |
| 单 册: | ||
| 中图分类: | K815.76 | |
| 科图分类: | ||
| 主题词: | 作曲家--生平事迹--世界 , 作曲家 | |
| 电子资源: | ||
| ISBN: | 978-7-108-02570-8 | |
| 000 | 01367oam2 2200325 450 | |
| 001 | 003393483 | |
| 005 | 20070803144230.53 | |
| 010 | @a978-7-108-02570-8@dCNY49.80@z7-108-02570-1 | |
| 100 | @a20070328d2007 em y0chiy0110 ea | |
| 101 | 1 | @achi@ceng |
| 102 | @aCN@b110000 | |
| 105 | @aa z 000yd | |
| 200 | 1 | @a伟大作曲家的生活@9wei da zuo qu jia de sheng huo@f哈罗尔德·C. 勋伯格(Harold C. Schonberg)著@g冷杉,侯珅,王迎等译 |
| 210 | @a北京@c三联书店@d2007 | |
| 215 | @a684页@c照片,图@d23cm | |
| 225 | 2 | @a音乐生活丛书 |
| 305 | @aHarold C. Schonberg授权出版 据原书第三版译出 | |
| 312 | @a封面英文题名:The lives of the great composers | |
| 330 | @a本书把“严肃音乐”所有重要人物都囊括其中——巴赫,亨德尔、莫札特、贝多芬、肖邦、威尔第、瓦格纳、马球勒等等。作者将他们的生平编织成一幅其细节和逸事都很丰富的织锦。此外,还有一些章节讲述了民族乐派,对维也纳的施特劳斯家族、阿瑟、萨利文爵士、奥芬巴赫等人的所谓轻音乐也有涉及。 | |
| 461 | 0 | @12001 @a音乐生活丛书 |
| 510 | 1 | @aLives of the great composers@zeng |
| 606 | 0 | @a作曲家@x生平事迹@y世界 |
| 606 | 0 | @a作曲家 |
| 690 | @aK815.76@v4 | |
| 701 | 0 | @c(美)@a勋伯格@9xun bo ge@c(Schonberg, Harold C.@f1915~2003)@4著 |
| 702 | 0 | @a冷杉@9leng shan@4译 |
| 702 | 0 | @a侯珅@9hou shen@c(翻译)@4译 |
| 702 | 0 | @a王迎@9wang ying@c(翻译)@4译 |
| 801 | 0 | @aCN@bNLC@c20070803 |
| 905 | @a10447@dK815.76@e112 | |
| 伟大作曲家的生活/哈罗尔德·C. 勋伯格(Harold C. Schonberg)著/冷杉,侯珅,王迎等译.-北京:三联书店,2007 |
| 684页:照片,图;23cm.-(音乐生活丛书) |
| ISBN 978-7-108-02570-8:CNY49.80 |
| 本书把“严肃音乐”所有重要人物都囊括其中——巴赫,亨德尔、莫札特、贝多芬、肖邦、威尔第、瓦格纳、马球勒等等。作者将他们的生平编织成一幅其细节和逸事都很丰富的织锦。此外,还有一些章节讲述了民族乐派,对维也纳的施特劳斯家族、阿瑟、萨利文爵士、奥芬巴赫等人的所谓轻音乐也有涉及。 |
| ● |
| 相关链接 |
|
|
|
|
正题名:伟大作曲家的生活
索取号:K815.76/112
 
预约/预借
| 序号 | 登录号 | 条形码 | 馆藏地/架位号 | 状态 | 备注 |
| 1 | 0801040 | 208010409 | 第二样本阅览室/ [索取号:K815.76/112] | 在馆 | |
| 2 | 0801041 | 208010418 | 第二借阅区/ [索取号:K815.76/112] | 在馆 | |
| 3 | 0801042 | 208010427 | 第二借阅区/ [索取号:K815.76/112] | 在馆 | |
| 4 | 0801043 | 208010436 | 第二借阅区/ [索取号:K815.76/112] | 在馆 | |
| 5 | 0801044 | 208010445 | 第二借阅区/ [索取号:K815.76/112] | 在馆 | |
| 6 | 0801045 | 208010454 | 第二借阅区/ [索取号:K815.76/112] | 在馆 | |
| 7 | 0801046 | 208010463 | 第二借阅区/ [索取号:K815.76/112] | 在馆 | |
| 8 | 0801047 | 208010472 | 第二借阅区/ [索取号:K815.76/112] | 在馆 |